00305nam a2200121Ia 4500008004100000041000800041082001200049100001700061245003100078260004100109300002400150365000900174240624s9999 xx 000 0 und d aeng a823 STE aSTEWART LEAH aMYTH OF YOU AND ME A NOVEL c2005aNew YorkbShaye Areheart Books a276 : p. : cm. ; 21 cb20